[Event "Regionalliga Nord-Ost 1718"]
[Site "Bayern"]
[Date "2018.02.25"]
[Round "7.1"]
[White "Stierhof, Michael"]
[Black "Eiber, Manfred"]
[Result "0-1"]
[WhiteElo "2120"]
[BlackElo "2115"]
[PlyCount "43"]
[EventDate "2017.10.22"]
[EventType "team-tourn"]
[EventRounds "9"]
[EventCountry "GER"]
[SourceTitle "EXT 2022"]
[Source "ChessBase"]
[SourceDate "2021.10.06"]
[SourceVersion "1"]
[SourceVersionDate "2021.10.06"]
[SourceQuality "1"]
[WhiteTeam "Nuernberg SK 1911"]
[BlackTeam "Nuernberg Sued SW II"]
[WhiteTeamCountry "GER"]
[BlackTeamCountry "GER"]

1. e4 c6 2. d3 d5 3. Nd2 e5 4. Ngf3 Bd6 5. g3 Ne7 6. Bg2 f5 7. 0-0 0-0 8. Qe2 Qc7 9. exf5 Bxf5 10. Nh4 Nd7 11. Nxf5 Nxf5 12. Nf3 Rae8 13. c3 a5 14. Bd2 Qb6 15. Rae1 e4 16. dxe4 Rxe4 17. Qd3 Rxe1 18. Rxe1 Qxb2 19. Ng5 Qxa2 20. Bh3 Nc5 21. Qe2 Qc2 22. Ne6 0-1

[Event "Regionalliga Nord-Ost 1718"]
[Site "Bayern"]
[Date "2017.11.26"]
[Round "3.1"]
[White "Endres, Christian"]
[Black "Eiber, Manfred"]
[Result "1-0"]
[WhiteElo "2105"]
[BlackElo "2115"]
[PlyCount "129"]
[EventDate "2017.10.22"]
[EventType "team-tourn"]
[EventRounds "9"]
[EventCountry "GER"]
[SourceTitle "EXT 2022"]
[Source "ChessBase"]
[SourceDate "2021.10.06"]
[SourceVersion "1"]
[SourceVersionDate "2021.10.06"]
[SourceQuality "1"]
[WhiteTeam "Altensittenbach"]
[BlackTeam "Nuernberg Sued SW II"]
[WhiteTeamCountry "GER"]
[BlackTeamCountry "GER"]

1. Nf3 Nf6 2. c4 d6 3. d4 b6 4. Nc3 Bb7 5. Qc2 Nbd7 6. e4 e5 7. d5 g6 8. Be2 Bg7 9. 0-0 0-0 10. Be3 Ng4 11. Bg5 f6 12. Bd2 Nh6 13. b4 Qe7 14. Qc1 Nf7 15. Ne1 a5 16. a3 f5 17. Nd3 Nf6 18. f3 fxe4 19. Nxe4 Nxe4 20. fxe4 axb4 21. axb4 Rxa1 22. Qxa1 Ra8 23. Qc1 Qh4 24. Bf3 Bh6 25. g3 Bxd2 26. Qxd2 Qg5 27. Qf2 Nh6 28. Bg2 Qe7 29. Bh3 Bc8 30. Bxc8 Rxc8 31. h3 Ra8 32. c5 bxc5 33. bxc5 Ra3 34. cxd6 cxd6 35. Nb4 Qa7 36. Qxa7 Rxa7 37. Kg2 Ra4 38. Rb1 Nf7 39. h4 h5 40. Rb3 Kg7 41. Kf3 g5 42. Nc2 Rc4 43. Nb4 g4+ 44. Ke3 Nh6 45. Nc6 Ng8 46. Rb7+ Kf8 47. Rb8+ Kf7 48. Rb7+ Kf8 49. Nd8 Rc3+ 50. Kd2 Rxg3 51. Ne6+ Ke8 52. Rb8+ Ke7 53. Rxg8 Rh3 54. Rg7+ Ke8 55. Rg5 Rxh4 56. Rxh5 Rxh5 57. Ng7+ Kf7 58. Nxh5 Kg6 59. Ng3 Kg5 60. Ke3 Kh4 61. Nf5+ Kh3 62. Kf2 Kh2 63. Ng3 Kh3 64. Nf1 Kh4 65. Kg2 1-0

[Event "Regionalliga NO 1617"]
[Site "Bayern"]
[Date "2017.02.05"]
[Round "5.1"]
[White "Ammon, Tobias"]
[Black "Eiber, Manfred"]
[Result "1-0"]
[WhiteElo "2132"]
[BlackElo "2147"]
[PlyCount "53"]
[EventDate "2016.10.16"]
[EventType "team-tourn"]
[EventRounds "9"]
[EventCountry "GER"]
[SourceTitle "EXT 2019"]
[Source "ChessBase"]
[SourceDate "2018.10.10"]
[SourceVersion "1"]
[SourceVersionDate "2018.10.10"]
[SourceQuality "1"]
[WhiteTeam "Altensittenbach"]
[BlackTeam "Nuernberg Sued SW II"]
[WhiteTeamCountry "GER"]
[BlackTeamCountry "GER"]

1. e4 c6 2. d4 d5 3. Nd2 dxe4 4. Nxe4 Nf6 5. Nxf6+ gxf6 6. c3 Bf5 7. Bd3 Bg6 8. Nf3 Qc7 9. 0-0 e6 10. Re1 Nd7 11. g3 0-0-0 12. Bf1 Rg8 13. Qa4 Kb8 14. Nh4 Be7 15. Nxg6 Rxg6 16. Bg2 h5 17. Bf4 Bd6 18. Bxd6 Qxd6 19. Qa5 Rh8 20. Rad1 Rg5 21. Qa4 h4 22. c4 hxg3 23. hxg3 Rg4 24. Qc2 Rxd4 25. Rxd4 Qxd4 26. Rd1 Qe5 27. Rxd7 1-0

[Event "Regionalliga NO 1617"]
[Site "Bayern"]
[Date "2017.01.15"]
[Round "4.1"]
[White "Eiber, Manfred"]
[Black "Egger, Thomas"]
[Result "1-0"]
[WhiteElo "2147"]
[BlackElo "2163"]
[PlyCount "85"]
[EventDate "2016.10.16"]
[EventType "team-tourn"]
[EventRounds "9"]
[EventCountry "GER"]
[SourceTitle "EXT 2019"]
[Source "ChessBase"]
[SourceDate "2018.10.10"]
[SourceVersion "1"]
[SourceVersionDate "2018.10.10"]
[SourceQuality "1"]
[WhiteTeam "Nuernberg Sued SW II"]
[BlackTeam "Buechenbach/Roth"]
[WhiteTeamCountry "GER"]
[BlackTeamCountry "GER"]

1. d4 Nf6 2. Bg5 d5 3. e3 g6 4. Bxf6 exf6 5. c4 dxc4 6. Bxc4 Bb4+ 7. Nc3 0-0 8. a3 Be7 9. Nge2 Nd7 10. 0-0 Nb6 11. Ba2 c6 12. Rc1 f5 13. Qc2 Bd6 14. Rfd1 Qe7 15. d5 Bd7 16. dxc6 Bxc6 17. Nd4 Rac8 18. Nxc6 Rxc6 19. g3 Be5 20. Qb3 Rfc8 21. Ne2 Nc4 22. Nd4 Bxd4 23. Rxd4 Ne5 24. Rxc6 Rxc6 25. Qd1 Qc7 26. Rd8+ Kg7 27. Qd4 Rf6 28. Kg2 Nc6 29. Rd7 Qe5 30. Qxe5 Nxe5 31. Re7 Nd3 32. Rxb7 Rc6 33. Rxf7+ Kh6 34. Rxa7 Rc2 35. Bb1 Ne1+ 36. Kf1 Rc1 37. Ba2 Nd3+ 38. Ke2 Nxb2 39. Bg8 Rc2+ 40. Kf1 Nd3 41. f4 Kh5 42. h3 h6 43. Bd5 1-0

[Event "Regionalliga NO 1617"]
[Site "Bayern"]
[Date "2016.12.04"]
[Round "3.1"]
[White "Kilgus, Georg"]
[Black "Eiber, Manfred"]
[Result "1-0"]
[WhiteElo "2397"]
[BlackElo "2147"]
[PlyCount "97"]
[EventDate "2016.10.16"]
[EventType "team-tourn"]
[EventRounds "9"]
[EventCountry "GER"]
[SourceTitle "EXT 2019"]
[Source "ChessBase"]
[SourceDate "2018.10.10"]
[SourceVersion "1"]
[SourceVersionDate "2018.10.10"]
[SourceQuality "1"]
[WhiteTeam "Regensburg Bavaria"]
[BlackTeam "Nuernberg Sued SW II"]
[WhiteTeamCountry "GER"]
[BlackTeamCountry "GER"]

1. d4 d5 2. c4 e6 3. Nf3 Nf6 4. Nc3 Be7 5. Bg5 Nbd7 6. e3 0-0 7. Rc1 c6 8. Bd3 h6 9. Bh4 Ne8 10. Bxe7 Qxe7 11. 0-0 f5 12. Ne2 g5 13. g3 Nd6 14. cxd5 exd5 15. b4 Qe6 16. h4 Nf7 17. hxg5 hxg5 18. Kg2 Nf6 19. Rh1 Kg7 20. Qd2 Bd7 21. Qb2 Rh8 22. a4 Rae8 23. Qa1 Ng4 24. Rxh8 Rxh8 25. Rh1 Rh6 26. b5 Qg6 27. bxc6 bxc6 28. Rxh6 Qxh6 29. Qb1 Qe6 30. Qb8 a5 31. Qc7 Kg6 32. Qxa5 Nf6 33. Qc7 Ne4 34. Ne5+ Nxe5 35. Qxe5 Qxe5 36. dxe5 c5 37. a5 Kf7 38. f3 Nd2 39. a6 Bc6 40. Kf2 Ke6 41. f4 g4 42. a7 Ne4+ 43. Bxe4 fxe4 44. Nc1 d4 45. Nb3 Kd5 46. exd4 cxd4 47. Nxd4 Kxd4 48. e6 Kd3 49. Ke1 1-0

[Event "Regionalliga NO 1516"]
[Site "Bayern"]
[Date "2016.03.13"]
[Round "8.1"]
[White "Weber, Daniel1"]
[Black "Eiber, Manfred"]
[Result "1-0"]
[WhiteElo "2103"]
[BlackElo "2142"]
[PlyCount "43"]
[EventDate "2015.10.11"]
[EventType "team-tourn"]
[EventRounds "9"]
[EventCountry "GER"]
[SourceTitle "EXT 2018"]
[Source "ChessBase"]
[SourceDate "2017.10.13"]
[SourceVersion "1"]
[SourceVersionDate "2017.10.13"]
[SourceQuality "1"]
[WhiteTeam "Bechhofen"]
[BlackTeam "Nuernberg Sued SW II"]
[WhiteTeamCountry "GER"]
[BlackTeamCountry "GER"]

1. e4 g6 2. d4 Bg7 3. Nf3 d6 4. Nc3 a6 5. Be3 Nf6 6. Qd2 Nc6 7. Bh6 Bxh6 8. Qxh6 e5 9. 0-0-0 Nxd4 10. Nxd4 exd4 11. Rxd4 Be6 12. e5 Ng4 13. Qg7 Rf8 14. exd6 Nxf2 15. Bb5+ axb5 16. d7+ Bxd7 17. Re1+ Be6 18. Rxd8+ Rxd8 19. Nxb5 Rd7 20. h3 c6 21. Nd4 Re7 22. Qf6 1-0

[Event "Regionalliga NO 1516"]
[Site "Bayern"]
[Date "2015.12.13"]
[Round "4.1"]
[White "Zvara, Petr"]
[Black "Eiber, Manfred"]
[Result "0-1"]
[WhiteElo "2333"]
[BlackElo "2142"]
[PlyCount "68"]
[EventDate "2015.10.11"]
[EventType "team-tourn"]
[EventRounds "9"]
[EventCountry "GER"]
[SourceTitle "EXT 2018"]
[Source "ChessBase"]
[SourceDate "2017.10.13"]
[SourceVersion "1"]
[SourceVersionDate "2017.10.13"]
[SourceQuality "1"]
[WhiteTeam "Schwandorf"]
[BlackTeam "Nuernberg Sued SW II"]
[WhiteTeamCountry "GER"]
[BlackTeamCountry "GER"]

1. e4 g6 2. Bc4 Bg7 3. d3 e6 4. Bb3 Ne7 5. h4 c5 6. h5 Nbc6 7. h6 Bf6 8. Qf3 Ng8 9. Nc3 Nd4 10. Qg3 d6 11. Nf3 Nxf3+ 12. Qxf3 Bg5 13. Bxg5 Qxg5 14. Nb5 Ke7 15. d4 Bd7 16. Nxd6 Kxd6 17. Qxf7 Nxh6 18. dxc5+ Kc7 19. Qg7 Ng4 20. Bxe6 Ne5 21. Rd1 Rad8 22. Rxh7 Rxh7 23. Qxh7 Qxg2 24. Rd5 Nf3+ 25. Ke2 Ng1+ 26. Kd3 Qf3+ 27. Kd2 Qxf2+ 28. Kc3 Qe3+ 29. Kb4 Qxe4+ 30. c4 Qxe6 31. Qh2+ Kc8 32. Qxg1 Bc6 33. Rg5 Qe2 34. b3 Qd2+ 0-1

[Event "Pyramiden Franken Cup"]
[Site "Fuerth"]
[Date "2015.09.06"]
[Round "7"]
[White "Troyke, Christian"]
[Black "Eiber, Manfred"]
[Result "1-0"]
[WhiteElo "2344"]
[BlackElo "2154"]
[PlyCount "83"]
[EventDate "2015.09.03"]
[EventType "swiss"]
[EventRounds "7"]
[EventCountry "GER"]
[SourceTitle "EXT 2016"]
[Source "ChessBase"]
[SourceDate "2015.10.08"]
[SourceVersion "1"]
[SourceVersionDate "2015.10.08"]
[SourceQuality "1"]

1. g3 d5 2. Nf3 Nf6 3. Bg2 c6 4. c4 g6 5. b3 Bg7 6. Bb2 Qb6 7. Qc1 0-0 8. 0-0 Rd8 9. d3 Na6 10. Nbd2 d4 11. a3 c5 12. Qc2 Qc7 13. Rfe1 e5 14. e3 dxe3 15. Rxe3 Ng4 16. Re2 Bf5 17. Ne4 f6 18. Nh4 Be6 19. h3 Nh6 20. f4 Nf7 21. Nf3 Bf5 22. fxe5 Bxe4 23. Rxe4 fxe5 24. Rae1 Re8 25. Kh2 Nb8 26. d4 cxd4 27. Nxd4 a6 28. c5 Nd7 29. c6 Nf6 30. cxb7 Qxc2 31. Nxc2 Rab8 32. Rb4 e4 33. Bxf6 Bxf6 34. Rexe4 Rxe4 35. Bxe4 Nd6 36. Bd5+ Kf8 37. Rb6 Be5 38. Nb4 Nf5 39. Nxa6 Bxg3+ 40. Kg1 Rd8 41. b8Q Bxb8 42. Rxb8 1-0

[Event "Regionalliga NO 1415"]
[Site "Bayern"]
[Date "2014.11.09"]
[Round "2.1"]
[White "Laubert, Johannes"]
[Black "Eiber, Manfred"]
[Result "1-0"]
[WhiteElo "2098"]
[BlackElo "2142"]
[PlyCount "145"]
[EventDate "2014.10.19"]
[EventType "team-tourn"]
[EventRounds "9"]
[EventCountry "GER"]
[SourceTitle "EXT 2018"]
[Source "ChessBase"]
[SourceDate "2017.10.13"]
[SourceVersion "1"]
[SourceVersionDate "2017.10.13"]
[SourceQuality "1"]
[WhiteTeam "Windischeschenbach"]
[BlackTeam "Nuernberg Sued SW II"]
[WhiteTeamCountry "GER"]
[BlackTeamCountry "GER"]

1. e4 g6 2. d4 Bg7 3. Nf3 d6 4. Nc3 a6 5. Be3 Nf6 6. h3 b5 7. Bd3 Bb7 8. a3 Nbd7 9. 0-0 c5 10. d5 0-0 11. Re1 Qc7 12. Qd2 Rfe8 13. Bh6 Bh8 14. Qf4 e6 15. dxe6 fxe6 16. Rad1 Nh5 17. Qh4 Bf6 18. Bg5 Qd8 19. Be2 Qe7 20. Bxf6 Nhxf6 21. Qf4 e5 22. Qe3 Nf8 23. Nd5 Nxd5 24. exd5 Kg7 25. c4 bxc4 26. Bxc4 Rab8 27. Rd2 h6 28. Nh2 Nd7 29. Ng4 Qg5 30. Qd3 Rf8 31. Ne3 Ra8 32. g3 Rae8 33. Ng2 Rf7 34. Re3 Nb6 35. Ba2 Ref8 36. h4 Qg4 37. Re4 Qh3 38. Ne3 Bc8 39. b4 cxb4 40. Rxb4 Nd7 41. Bb1 Rf6 42. Qf1 Qxf1+ 43. Kxf1 a5 44. Rbb2 Ba6+ 45. Kg1 Rc8 46. Rdc2 Rff8 47. Ba2 Rxc2 48. Rxc2 Nc5 49. Bc4 Ra8 50. Rb2 Kf6 51. Rb6 Ke7 52. Kg2 h5 53. f3 Bxc4 54. Nxc4 Ra6 55. Rxa6 Nxa6 56. Nxa5 Nc7 57. Nc6+ Kd7 58. Nb4 Kc8 59. a4 Kb7 60. a5 Na6 61. Nc6 Nc7 62. Ne7 Ka6 63. g4 hxg4 64. fxg4 Kxa5 65. Kf3 Kb5 66. Ke4 Kc4 67. g5 Nb5 68. Nxg6 Nc3+ 69. Kf5 e4 70. Nf4 e3 71. g6 Nxd5 72. Nxd5 e2 73. Ne3+ 1-0

[Event "Regionalliga NO 1314"]
[Site "Bayern"]
[Date "2014.04.06"]
[Round "9.2"]
[White "Heumann, Joern"]
[Black "Eiber, Manfred"]
[Result "1-0"]
[WhiteElo "2071"]
[BlackElo "2089"]
[PlyCount "81"]
[EventDate "2013.10.13"]
[EventType "team-tourn"]
[EventRounds "9"]
[EventCountry "GER"]
[SourceTitle "EXT 2020"]
[Source "ChessBase"]
[SourceDate "2019.10.17"]
[SourceVersion "1"]
[SourceVersionDate "2019.10.17"]
[SourceQuality "1"]
[WhiteTeam "Kareth Lappersdorf II"]
[BlackTeam "Nuernberg Sued SW II"]
[WhiteTeamCountry "GER"]
[BlackTeamCountry "GER"]

1. e4 g6 2. d4 d6 3. Nc3 Bg7 4. Be2 a6 5. Nf3 b5 6. 0-0 Bb7 7. Re1 Nd7 8. Bf1 c5 9. a4 b4 10. Nd5 Ngf6 11. Nxf6+ Nxf6 12. d5 0-0 13. a5 Qc7 14. Bc4 Nd7 15. Qd3 Rfd8 16. Ra2 Nf8 17. h3 e5 18. Bd2 Bc8 19. c3 bxc3 20. Bxc3 f5 21. Raa1 fxe4 22. Qxe4 Bf5 23. Qh4 e4 24. Ng5 Bxc3 25. bxc3 Qg7 26. Re3 Re8 27. g4 h6 28. gxf5 hxg5 29. Qg4 gxf5 30. Qxf5 Re5 31. Qg4 Ng6 32. Rb1 Rf8 33. Bxa6 Nf4 34. Rb7 Qg6 35. Bf1 Rf7 36. a6 Kg7 37. c4 Ree7 38. Qc8 Nd3 39. Rxe7 Rxe7 40. Bxd3 Qf6 41. Qd8 1-0

[Event "Landesliga Nord 1112"]
[Site "Bayern"]
[Date "2011.12.11"]
[Round "4.7"]
[White "Maurer, Heinrich"]
[Black "Eiber, Manfred"]
[Result "0-1"]
[WhiteElo "1999"]
[BlackElo "2124"]
[PlyCount "184"]
[EventDate "2011.10.02"]
[EventType "team-tourn"]
[EventRounds "9"]
[EventCountry "GER"]
[SourceTitle "EXT 2013"]
[Source "ChessBase"]
[SourceDate "2012.11.22"]
[SourceVersion "1"]
[SourceVersionDate "2012.11.22"]
[SourceQuality "1"]
[WhiteTeam "Kelheim"]
[BlackTeam "Nuernberg Sued SW"]
[WhiteTeamCountry "GER"]
[BlackTeamCountry "GER"]

1. e4 c6 2. c4 e5 3. Nf3 Qc7 4. d4 d6 5. Nc3 Nd7 6. Be2 Ngf6 7. 0-0 Be7 8. Bg5 h6 9. Be3 g5 10. Ne1 Nf8 11. dxe5 dxe5 12. Nd3 Ne6 13. Re1 Nf4 14. Bf1 Ng4 15. Bc1 Be6 16. g3 Nxd3 17. Qxd3 Bc5 18. Be3 Nxe3 19. fxe3 Rd8 20. Qe2 g4 21. Na4 Be7 22. Red1 Rxd1 23. Rxd1 h5 24. b3 Kf8 25. Nb2 Kg7 26. Nd3 b6 27. Qb2 f6 28. Ne1 Bc5 29. Ng2 a5 30. Qd2 Qf7 31. Nh4 Kh6 32. Bg2 Qa7 33. Qf2 Rf8 34. Nf5+ Kh7 35. Rd3 a4 36. Qd2 axb3 37. axb3 Qa1+ 38. Qd1 Qxd1+ 39. Rxd1 Ra8 40. Rd3 Ra1+ 41. Kf2 Ra2+ 42. Kf1 Rb2 43. Nd6 Kg6 44. Kg1 Re2 45. Kf1 Rxe3 46. Rxe3 Bxe3 47. Nf5 Bc5 48. Ke2 b5 49. Kd3 bxc4+ 50. bxc4 Kg5 51. h3 gxh3 52. Bxh3 Bf2 53. Bf1 Bxf5 54. exf5 Kxf5 55. Bh3+ Kg5 56. Bd7 c5 57. Ke4 Bxg3 58. Be6 Bf2 59. Bf5 Bg1 60. Be6 Bd4 61. Bf5 Kh4 62. Kf3 Kg5 63. Ke4 Kh6 64. Be6 Kg6 65. Bf5+ Kh6 66. Be6 Bf2 67. Kf3 Bg1 68. Ke4 Kg5 69. Bf5 Bd4 70. Be6 Kg6 71. Bf5+ Kf7 72. Bh3 Ke7 73. Kf5 Be3 74. Bg2 Bg5 75. Bh3 Kd6 76. Ke4 Kc6 77. Bf5 Kb6 78. Kd5 h4 79. Bg4 Bf4 80. Bf5 Bg3 81. Bg4 Bf2 82. Bf5 Ka5 83. Ke6 Kb4 84. Kxf6 Bg3 85. Bd3 h3 86. Kf5 h2 87. Be4 Kxc4 88. Kg4 Bf4 89. Bg2 Kd3 90. Kf3 c4 91. Bf1+ Kd2 92. Kg2 c3 0-1

[Event "Landesliga Nord 1112"]
[Site "Bayern"]
[Date "2011.10.02"]
[Round "1.7"]
[White "Eiber, Manfred"]
[Black "Steinmueller, Alexander"]
[Result "1-0"]
[WhiteElo "2124"]
[BlackElo "1956"]
[PlyCount "74"]
[EventDate "2011.10.02"]
[EventType "team-tourn"]
[EventRounds "9"]
[EventCountry "GER"]
[SourceTitle "EXT 2013"]
[Source "ChessBase"]
[SourceDate "2012.11.22"]
[SourceVersion "1"]
[SourceVersionDate "2012.11.22"]
[SourceQuality "1"]
[WhiteTeam "Nuernberg Sued SW"]
[BlackTeam "Puschendorf"]
[WhiteTeamCountry "GER"]
[BlackTeamCountry "GER"]

1. d4 d6 2. e4 Nf6 3. Nc3 e5 4. dxe5 dxe5 5. Qxd8+ Kxd8 6. Bc4 Bb4 7. Bd2 Ke7 8. a3 Bd6 9. f3 Nbd7 10. Nge2 Rd8 11. g4 Nb6 12. Bb3 Be6 13. Bxe6 fxe6 14. b3 Rf8 15. Nc1 a5 16. a4 Nfd7 17. Rf1 Nb8 18. Nb5 Nc6 19. Nd3 Nd7 20. Rd1 Nd4 21. Nxd4 exd4 22. f4 e5 23. f5 c6 24. Ra1 Rfc8 25. Ke2 Ra6 26. Ra2 Nc5 27. Nxc5 Bxc5 28. Kd3 Kd6 29. Raa1 Rf8 30. g5 b6 31. Rf3 g6 32. Raf1 gxf5 33. Rxf5 Rxf5 34. Rxf5 Ra8 35. Rf6+ Ke7 36. Rxc6 Rf8 37. Rc7+ Ke6 1-0

[Event "Nuremberg LGA Cup 8th"]
[Site "Nuremberg"]
[Date "2011.09.11"]
[Round "6"]
[White "Renner, Gabriele"]
[Black "Eiber, Manfred"]
[Result "0-1"]
[WhiteElo "1838"]
[BlackElo "2121"]
[PlyCount "84"]
[EventDate "2011.09.08"]
[EventType "swiss"]
[EventRounds "7"]
[EventCountry "GER"]
[SourceTitle "CBM 144 Extra"]
[Source "ChessBase"]
[SourceDate "2011.10.28"]
[SourceVersion "1"]
[SourceVersionDate "2011.10.28"]
[SourceQuality "1"]

1. e4 c6 2. d4 d5 3. exd5 cxd5 4. Bd3 Nf6 5. c3 Nc6 6. Bf4 Bg4 7. Qb3 Qc8 8. Nd2 e6 9. Ngf3 Be7 10. 0-0 Bh5 11. Rfe1 0-0 12. Ne5 Nxe5 13. dxe5 Nd7 14. Qc2 Bg6 15. Bxg6 fxg6 16. Bg3 Nb6 17. Rad1 Qe8 18. Qd3 Na4 19. Rb1 b5 20. b3 Nb6 21. c4 Bb4 22. Red1 bxc4 23. bxc4 Bxd2 24. c5 Nc4 25. Rxd2 Nxd2 26. Qxd2 Rb8 27. Rc1 Qc6 28. h3 Rb5 29. Qe3 Rc8 30. Kh2 a6 31. Bh4 Rxc5 32. Rb1 Rb5 33. Rd1 Qc5 34. Qg5 Rb2 35. Qg4 Rb6 36. Qg5 Rb4 37. f4 Rb2 38. Qg4 Kf7 39. f5 gxf5 40. Qh5+ Kg8 41. Be1 Qe3 42. Kh1 Qe2 0-1

[Event "Mittelfranken-ch HT 60th"]
[Site "Buechenbach/Roth"]
[Date "2011.04.22"]
[Round "9"]
[White "Eiber, Manfred"]
[Black "Woerl, Richard"]
[Result "1-0"]
[WhiteElo "2078"]
[BlackElo "1928"]
[PlyCount "61"]
[EventDate "2011.04.19"]
[EventType "swiss"]
[EventRounds "9"]
[EventCountry "GER"]
[SourceTitle "CBM 142 Extra"]
[Source "ChessBase"]
[SourceDate "2011.06.27"]
[SourceVersion "1"]
[SourceVersionDate "2011.06.27"]
[SourceQuality "1"]

1. d4 Nf6 2. c3 b6 3. Bg5 e6 4. Nd2 d5 5. e3 Be7 6. Bd3 Bb7 7. Bxf6 Bxf6 8. f4 Bh4+ 9. g3 Be7 10. Ngf3 g6 11. h4 Nd7 12. h5 Bf6 13. Kf2 Qe7 14. Qa4 a6 15. hxg6 hxg6 16. Rxh8+ Bxh8 17. Rh1 Bf6 18. g4 b5 19. Qd1 g5 20. Ne5 gxf4 21. exf4 Bxe5 22. fxe5 0-0-0 23. Nf3 f6 24. Qe2 Rg8 25. Rh7 Qf8 26. Ke1 Rxg4 27. exf6 Qxf6 28. Rxd7 Rf4 29. Ne5 Qh4+ 30. Kd1 Rf2 31. Rh7 1-0

[Event "Landesliga Nord 0910"]
[Site "Bayern"]
[Date "2010.02.07"]
[Round "6.4"]
[White "Eiber, Manfred"]
[Black "Kraich, Klaus"]
[Result "1-0"]
[WhiteElo "2085"]
[BlackElo "2083"]
[PlyCount "93"]
[EventDate "2009.10.18"]
[EventType "team-tourn"]
[EventRounds "9"]
[EventCountry "GER"]
[SourceTitle "EXT 2011"]
[Source "ChessBase"]
[SourceDate "2010.11.26"]
[SourceVersion "1"]
[SourceVersionDate "2010.11.26"]
[SourceQuality "1"]
[WhiteTeam "Nuernberg Sued SW"]
[BlackTeam "Klingenberg"]
[WhiteTeamCountry "GER"]
[BlackTeamCountry "GER"]

1. d4 Nf6 2. Nc3 d5 3. e4 e6 4. e5 Nfd7 5. f4 c5 6. Nf3 Nc6 7. Be3 a6 8. Qd2 cxd4 9. Nxd4 Nxd4 10. Bxd4 Qc7 11. Bd3 Bc5 12. Ne2 Bxd4 13. Nxd4 Qc5 14. c3 Nb6 15. b3 Bd7 16. a4 Nc8 17. 0-0 g6 18. Rac1 Ne7 19. Qf2 Nc6 20. Nf3 Qxf2+ 21. Kxf2 Rc8 22. Ke3 Ke7 23. Rc2 Rc7 24. Rfc1 Rhc8 25. Nd4 f6 26. Nxc6+ Bxc6 27. Kd4 f5 28. h3 Rd8 29. g4 Be8 30. Rg1 Bf7 31. Be2 Be8 32. Bd3 Bf7 33. Rh1 Be8 34. g5 Kd7 35. h4 Kc6 36. Be2 Kb6 37. h5 Rdd7 38. hxg6 hxg6 39. Rh8 Bf7 40. Bd3 Kc6 41. Rb8 Kb6 42. Rh2 Rc6 43. Rhh8 Rcc7 44. b4 Re7 45. Rhf8 Red7 46. a5+ Kc6 47. Bxa6 1-0

[Event "Mittelfranken-ch HT 58th"]
[Site "Postbauer"]
[Date "2009.04.10"]
[Round "8.3"]
[White "Heimrath, Reiner"]
[Black "Eiber, Manfred"]
[Result "1-0"]
[WhiteElo "2176"]
[BlackElo "2116"]
[PlyCount "67"]
[EventDate "2009.04.07"]
[EventType "swiss"]
[EventRounds "9"]
[EventCountry "GER"]
[SourceTitle "EXT 2011"]
[Source "ChessBase"]
[SourceDate "2010.11.26"]
[SourceVersion "1"]
[SourceVersionDate "2010.11.26"]
[SourceQuality "1"]

1. d4 d5 2. Nf3 Nf6 3. e3 c6 4. b3 Bg4 5. Bb2 Ne4 6. Be2 Nd7 7. Nfd2 Bxe2 8. Qxe2 Nxd2 9. Nxd2 e6 10. 0-0 Be7 11. e4 dxe4 12. Nxe4 Nf6 13. Nc5 Bxc5 14. dxc5 Qd5 15. Qe3 0-0-0 16. a4 h5 17. h3 Rh6 18. Rad1 Qxd1 19. Rxd1 Rxd1+ 20. Kh2 Rb1 21. Be5 Nd7 22. Bxg7 Rg6 23. Bc3 e5 24. Qf3 Rf6 25. Qxh5 Rxf2 26. Qh8+ Kc7 27. Qa8 Nxc5 28. Bxe5+ Kd7 29. Bd4 Rxc2 30. Qf8 Ne6 31. Qxf7+ Kd6 32. Bf6 Re1 33. Be7+ Kd5 34. Qf5+ 1-0